Lalage's lovers
Guardat en:
| Autor principal: | |
|---|---|
| Format: | Llibre |
| Idioma: | anglès |
| Publicat: |
Londres
Metheuen & Co
1923
|
| Edició: | 13a. ed |
| Matèries: | |
| Etiquetes: |
Afegir etiqueta
Sense etiquetes, Sigues el primer a etiquetar aquest registre!
|
MARC
| LEADER | 00000nam a2200000 a 4500 | ||
|---|---|---|---|
| 001 | UCQ3848 | ||
| 003 | CL-VaPUC | ||
| 008 | 980828e19230000UK |||||||||||||||||eng|d | ||
| 082 | 0 | 4 | |a 823 |b BIR |2 21 |
| 100 | 0 | |a Birmingham, George A |e author |9 418061 | |
| 245 | 1 | 0 | |a Lalage's lovers |
| 250 | |a 13a. ed | ||
| 300 | |a 216 p | ||
| 942 | |c BK | ||
| 945 | |d 19980828 00:00:00 |a crobeson | ||
| 260 | |a Londres |b Metheuen & Co |c 1923 | ||
| 650 | 0 | |a Novelas inglesas |9 265220 | |
| 650 | 0 | |a Literatura inglesa |9 312907 | |
| 583 | |a last modification |c 19980828 00:00:00 |k Rodrigo Vera | ||
| 999 | |c 274360 |d 274358 | ||
| 952 | |0 0 |1 0 |4 0 |6 823_000000000000000_BIR_1923 |7 0 |8 A |9 310512 |a BIBEDU |b BIBEDU |d 2019-11-20 |i 1458922 |o 823 BIR 1923 |p 1458922 |r 2019-11-20 |w 2019-11-20 |y BK |k LIT | ||